| 000 | 00422nam a2200145 a 4500 | ||
|---|---|---|---|
| 005 | 20141022142001.0 | ||
| 008 | 100916s19uu xx 00 eng d | ||
| 050 |
_aDVD _bS11 2000- |
||
| 100 | _aSullivan, Brian | ||
| 245 |
_aGetting the Basics right: _bnavigation, usability, content management techniques. |
||
| 260 |
_bStandford University, _c2000- |
||
| 650 | _aDVD | ||
| 650 | _amanagement techniques | ||
| 942 | _cAVM | ||
| 999 |
_c276259 _d276259 |
||